000 00687nmc a2200265 a 4500
003 AR-BaBNM
005 20251128210321.0
008 229119s1964 ||||||||||||||000 | spa||
040 _cAR-BaBNM
100 1 _aHadas, Moses
245 1 0 _aHacia una nueva educación
_bun maestro humanista en acción
250 _a1ª ed.
260 _aMéxico, D.F.
_bHerrero
_c1964
300 0 _a147 p.
490 0 _aCredo
650 4 _aTEORIAS DE LA EDUCACION
650 4 _aFILOSOFIA DE LA EDUCACION
650 4 _aCONOCIMIENTO
650 4 _aHUMANISMO
650 4 _aROL DEL DOCENTE
653 0 _aGRECIA ANTIGUA
800 1 _aAnshen, Ruth Nanda
_eeditor
942 _cBK
998 _cRaquel
999 _c14927
_d14927